Manual de prevenció i control de la tuberculosi
Publicado:
Barcelona :
Secretaria General Tècnica del Departament de Sanitat i Seguretat Social ,
1981
Descripción Física:
82 p. ; 21 cm
Colección:
Quaderns de Salut ; 4
Materias:
Tuberculosi -- Prevenció
MARC
| LEADER | 00000nam a2200000Ia 4500 | ||
|---|---|---|---|
| 001 | 1392 | ||
| 008 | 160829s1981 xx 000 0 cat d | ||
| 080 | |a C-1-344 | ||
| 245 | |a Manual de prevenció i control de la tuberculosi | ||
| 260 | |a Barcelona : |b Secretaria General Tècnica del Departament de Sanitat i Seguretat Social, |c 1981 | ||
| 300 | |a 82 p. ; |c 21 cm | ||
| 490 | |a Quaderns de Salut ; 4 | ||
| 590 | |a A la part superior de la portada, Generalitat de Catalunya. Departament de Sanitat i Seguretat Social. Direcció General de Promoció de la Salut | ||
| 650 | |a Tuberculosi |x Prevenció |9 20654 | ||
| 710 | 1 | |a Catalunya. |b Departament de Sanitat i Seguretat Social |9 56409 | |
| 901 | |a Arxiu | ||
| 942 | |n 1 | ||
| 952 | |0 0 |1 0 |4 0 |6 C1344 |7 1 |9 41621 |a Arxiu |b Arxiu |d 2016-12-01 |l 0 |o C-1-344 |p 1392 |r 2016-12-01 00:00:00 |w 2016-12-01 |y ARXIU | ||
| 999 | |c 43511 |d 43511 | ||